000 00595nam a2200241 a 4500
001 nice12345678
003 IN_TiNIC
005 20260116011815.0
008 050524s1978 luca grp 000 0 urd
020 _a
_c15
082 0 0 _a297.409
_bNAQ
100 _aNaqwi, Murtaza
245 _aKhawaja Hasan Nizami, Hayat Aur Adabi Khidmat
260 _aLucknow
_bNaseem Book Depo
_c1978
300 _a396p
500 _aincludes index and biblioraphy
505 2 _aappendix
650 _aSufism-Hagiography
700 1 _aNaqwi, Murtaza
902 _bSRS
942 _cBK
999 _c4112
_d4112